Sports Quiz

Random Sports or College Quiz
Score 0/32 Timer 05:00
0 Plays Today
Player College % Correct
Matthew StaffordGeorgia
98.1%
Mark SanchezUSC
97.6%
Michael CrabtreeTexas Tech
93.6%
Percy HarvinFlorida
90.4%
Knowshon MorenoGeorgia
89.5%
Clay MatthewsUSC
85.4%
Brian CushingUSC
83.7%
Jeremy MaclinMIssouri
83.4%
Josh FreemanKansas State
83%
Michael OherMississippi
82.3%
Brian OrakpoTexas
81.3%
Darrius Heyward-BeyMaryland
80%
Chris Wells Ohio State
78.7%
Hakeem NicksNorth Carolina
78.2%
Aaron CurryWake Forest
76.9%
Malcolm Jenkins Ohio State
76.5%
Player College % Correct
B.J. RajiBoston College
75.6%
Andre SmithAlabama
73.8%
Tyson JacksonLSU
73.6%
Donald BrownConnecticut
70.1%
Jason SmithBaylor
66.6%
Aaron MaybinPenn State
66.2%
Kenny BrittRutgers
65.4%
Brandon PettigrewOklahoma State
63.4%
Eugene MonroeVirginia
54.9%
Vontae DavisIllinois
52.7%
Robert AyersTennessee
50.8%
Alex MackCalifornia
48.1%
Peria JerryMississippi
43.5%
Larry EnglishNorthern Illinois
40.7%
Evander HoodMissouri
35.5%
Eric WoodLouisville
32.9%

You're not logged in!

Compare scores with friends on all Sporcle quizzes.
OR
Log In

Sporcle TV

Today on Sporcle TV


Watch our educational content, quiz creation guides, and fun videos on Sporcle TV.

Show Comments

Extras

Created Sep 22, 2009ReportNominate
Tags:College Quiz, NFL Quiz, 2009, draft, Player

Top Quizzes Today


Score Distribution

Paid Content

Your Account Isn't Verified!

In order to create a playlist on Sporcle, you need to verify the email address you used during registration. Go to your Sporcle Settings to finish the process.

Report this User

Report this user for behavior that violates our Community Guidelines.

Details: